Регионална библиотека "Любен Каравелов" - Русе

Смисълът на жестовете в средновековния Запад (Запис номер 31902)

MARC детайли
000 -Лидер
Контролно поле с фиксирана дължина 02236nam a2200433 c 4500
003 - Код на организацията, давaща контролен номер
Контролно поле BLK
005 - Дата и час на последна редакция
Контролно поле 20180420220513.0
008 - Елементи от данни с фиксирана дължина
fixed length control field 180407b bul|||||r ||||||| ||bul||
010 ## - Наследен системен номер
LC control number KNG00034568000
020 ## - Международен стандартен номер на книга ISBN
Международен стандартен номер на книга ISBN 954-607-377-6
-- издат.: Лик
040 ## - Източник на каталожния запис
Идентификатор на билиотеката - собственик на записа BLK
041 ## - Код за език
Код за езика на текст/звукозапис или на отделно заглавие Български
Код за езика КДБФ Български
080 ## - УДК
Текстов определител УДК Отделни моторни функции - Движение. Ходене. Тичане. Изразяване с помощта на речта. Пеене. Графично изразяване. Писане. Рисуване
УДК код - определител по УДК 159.946
УДК определител :003
УДК - код + определител 159.946:003
080 ## - УДК
Текстов определител УДК Писменост. Системи на писмо. Знаци и символи. Кодове. Графическо представяне на мисълта. Вж и 744. 9; 801. Семиотика(общи въпр. )
УДК код - определител по УДК 003
УДК определител
УДК - код + определител 003
080 ## - УДК
Текстов определител УДК История на Европа. Средни векове (375-1492)
УДК код - определител по УДК 940.1
УДК определител .000.1
УДК - код + определител 940.1.000.1
100 1# - Редна дума - Автор
Автор Шмит, Жан-Клод
Авторска отговорност първи автор
R(LIN) 271889
139 ## - Редно поле
Редна дума Шмит, Жан-Клод
Авторски знак Шмир - Ш 78
245 10 - Сведения за заглавието
Заглавие Смисълът на жестовете в средновековния Запад
Редно поле (дума) Жан-Клод Шмит; прев. от фр. Милен Иванов Шипчанов.
257 ## - Страна на издаване
Страна на създаване/издаване България
260 ## - Област на издателските данни
-- София
Име на издателя, разпространителя и проч. Лик
Година на издаване 2000
300 ## - Физическа характеристика
Страници 448 с.
Илюстрации и др. с ил., 16 л. : ил.
Размери/Мащаб 20 см
380 ## - Жанр
Жанр Философия
490 1# - СЕРИИ (Колекции)
Име на серия Библиотека история
№: серия 4
500 ## - Общи забележки
Забележка Ориг. загл. La Raison des gests dans L'Occident medieval / Jean-Claude Shmitt. - Библиогр. с. 423-436 ; Азб. показалец.
504 ## - Забележка за наличие на библиография и др
Забележка за наличие на библиография и под. 423-436
650 #4 - Допълнително описание по предмет – тема
Основно описание – тема или топоним Жест - семиотичен анализ
9 (RLIN) 271890
650 #4 - Допълнително описание по предмет – тема
Основно описание – тема или топоним Символи и знаци
9 (RLIN) 247835
650 #4 - Допълнително описание по предмет – тема
Основно описание – тема или топоним Култура - Европа - философски проблеми
9 (RLIN) 249936
650 #4 - Допълнително описание по предмет – тема
Основно описание – тема или топоним Военни униформи, руски - албуми
9 (RLIN) 271891
653 ## - Ключова дума – ненормативна
Ключова дума символи
653 ## - Ключова дума – ненормативна
Ключова дума Средновековие
653 ## - Ключова дума – ненормативна
Ключова дума Западна Европа
700 1# - Други автори (авторска отговорност)
Лично име Шипчанов, Милен Иванов
Автороска отговорност (Описва отношението между автора и произведението) прев. от фр.
9 (RLIN) 256969
852 ## - Местоположение
Форматна сигнатура Цб 206966
856 4# - Електронен адрес и достъп
Електронен формат pdf - файл
Път до файла /url/
856 4# - Електронен адрес и достъп
Електронен формат pdf - файл
Път до файла /url/
942 ## - АРТИКУЛИ
Вид на библиотечния материал Книги
Скрит в OPAC Не
944 ## - СЪЗДАВАНЕ И РЕДАКЦИЯ на ЗАПИСА
Създаване/Редакция Създаване
Дата на регистрацията/редакция 06.02.2003
Служител, извършил регистрацията/редакцията Цветанка_Енчева
944 ## - СЪЗДАВАНЕ И РЕДАКЦИЯ на ЗАПИСА
Създаване/Редакция Редакция
Дата на регистрацията/редакция 13.12.2004
Служител, извършил регистрацията/редакцията
999 ## - СИСТЕМНИ КОНТРОЛНИ НОМЕРА
Koha biblionumber 31902
Koha biblioitemnumber 31902
Наличности
Код за отписване Код за изгубен артикул Източник на класификационната схема Код за повреда Коз за рестрикции Код за отдаване Артикулен № Име на библиотеката - собственик Име на библиотеката, в която се намира в момента Статус (Текущо местоположение) Дата на вписване в системата Местоположение - отдел Цена в лева Инвентарен номер Систематично азбучна сигнатура Баркод Номер на екземпляра Цена в евро Служебна бележка Служебен тип на артикула
  Не е изгубен Universal Decimal Classification Не е повреден без рестрикции ползва се в читалня 50764 Регионална библиотека "Любен Каравелов" Русе Регионална библиотека "Любен Каравелов" Русе Хранилище 2001-01-01 Основен фонд - ползва се само за читалня 11.90 660903 Цб 206966 120000660903 1 6.08 Дост: Pk Вид: Ф N: стар фонд Дата: 01.01.2001 Книги
  Не е изгубен Universal Decimal Classification Не е повреден   заемане за дома 957642 Регионална библиотека "Любен Каравелов" Русе Регионална библиотека "Любен Каравелов" Русе Заемна - подръчен фонд 2025-01-08 Заемна - подръчен фонд 11.90 120000916425 159.9/Ш 78 Ж 120000916425   6.08   Книги
Vip Innovations Ltd, Rousse, Bulgaria 2025